The new college Latin and English dictionary / John C. Traupman
Gardado en:
| Autor Principal: | |
|---|---|
| Formato: | Libro |
| Idioma: | Undetermined |
| Publicado: |
Canadá
Bantam Books
1981
|
| Materias: | |
| Etiquetas: |
Engadir etiqueta
Sen Etiquetas, Sexa o primeiro en etiquetar este rexistro!
|
MARC
| LEADER | 00000nam a2200000Ia 4500 | ||
|---|---|---|---|
| 008 | 170316s9999 xx 000 0 und d | ||
| 040 | |a cru BVZT | ||
| 090 | |a R-413 T-1n LAT-ESP | ||
| 100 | |a Traupman, John C. | ||
| 245 | 4 | |a The new college Latin and English dictionary / John C. Traupman | |
| 260 | |a Canadá | ||
| 260 | |b Bantam Books | ||
| 260 | |c 1981 | ||
| 300 | |a 502 páginas | ||
| 650 | |a REFERENCIA | ||
| 650 | |a DICCIONARIO DE LATÍN - INGLÉS | ||
| 650 | |a NOMBRES MITOLÓGICOS, GEOGRÁFICOS, HISTÓRICOS | ||
| 650 | |a PRONUNCIACIÓN CLÁSICA Y ECLESIÁSTICA | ||
| 650 | |a SILABIFICACIÓN | ||
| 942 | |c REF | ||
| 999 | |c 14929 |d 14929 | ||
